000 00252nam a2200109Ia 4500
008 151213s9999 xx 000 0 und d
245 _aTest it Eixi
300 _a3599 p.
650 _aEnglish Literature
650 _aEnglish Literature
999 _c2400
_d2400